Getting Started with MATLAB : (Record no. 15311)

MARC details
000 -LEADER
fixed length control field 01384nac a22002771u 4500
008 - FIXED-LENGTH DATA ELEMENTS--GENERAL INFORMATION
fixed length control field 110517s2010 enk|||||r|||| 001 0 eng d
010 ## - LIBRARY OF CONGRESS CONTROL NUMBER
LC control number 2005047336
020 ## - INTERNATIONAL STANDARD BOOK NUMBER
International Standard Book Number 0199731241
020 ## - INTERNATIONAL STANDARD BOOK NUMBER
International Standard Book Number 9780199731244
082 00 - DEWEY DECIMAL CLASSIFICATION NUMBER
Classification number 620.002855369
Item number PRA
Edition number 22
100 ## - MAIN ENTRY--PERSONAL NAME
Personal name Pratap, Rudra,
9 (RLIN) 23896
245 10 - TITLE STATEMENT
Title Getting Started with MATLAB :
Remainder of title A Quick Introduction for Scientists and Engineers /
Statement of responsibility, etc Rudra Pratap.
250 ## - EDITION STATEMENT
Edition statement Updated for Version 7.8
260 ## - PUBLICATION, DISTRIBUTION, ETC. (IMPRINT)
Place of publication, distribution, etc New York :
Name of publisher, distributor, etc Oxford University Press,2010
Date of publication, distribution, etc 2010
300 ## - PHYSICAL DESCRIPTION
Extent xiv, 272 p. :
Other physical details ill. ;
Dimensions 24 cm.
504 ## - BIBLIOGRAPHY, ETC. NOTE
Bibliography, etc Includes bibliographical references (p. 261) and index.
511 ## - PARTICIPANT OR PERFORMER NOTE
Participant or performer note Catalogued By: Mahitab.
650 #0 - SUBJECT ADDED ENTRY--TOPICAL TERM
Topical term or geographic name as entry element Science
General subdivision Data processing.
9 (RLIN) 23897
650 #0 - SUBJECT ADDED ENTRY--TOPICAL TERM
Topical term or geographic name as entry element Engineering mathematics
General subdivision Data processing.
9 (RLIN) 23898
653 ## - INDEX TERM--UNCONTROLLED
Resource For college
Arrived date list May2011
856 42 - ELECTRONIC LOCATION AND ACCESS
Materials specified Publisher description
Uniform Resource Identifier <a href="http://www.loc.gov/catdir/enhancements/fy0636/2005047336-d.html">http://www.loc.gov/catdir/enhancements/fy0636/2005047336-d.html</a>
856 42 - ELECTRONIC LOCATION AND ACCESS
Materials specified Table of contents only
Uniform Resource Identifier <a href="http://www.loc.gov/catdir/enhancements/fy0636/2005047336-t.html">http://www.loc.gov/catdir/enhancements/fy0636/2005047336-t.html</a>
856 42 - ELECTRONIC LOCATION AND ACCESS
Materials specified Contributor biographical information
Uniform Resource Identifier <a href="http://www.loc.gov/catdir/enhancements/fy0723/2005047336-b.html">http://www.loc.gov/catdir/enhancements/fy0723/2005047336-b.html</a>
942 ## - ADDED ENTRY ELEMENTS (KOHA)
Item type Book - Borrowing
Call number prefix 620.002855369 PRA
Source of classification or shelving scheme Dewey Decimal Classification
Holdings
Withdrawn status Item status Source of classification or shelving scheme Damaged status Not for loan Vendor Home library Current library Shelving location Date acquired Source of acquisition Cost, normal purchase price Serial Enumeration / chronology Total Checkouts Total Renewals Full call number Barcode Date last seen Date last borrowed Koha item type
    Dewey Decimal Classification     Baccah Central Library Central Library First floor 17/05/2011   190.00 12252 4 35 620.002855369 PRA 000023591 15/07/2025 22/02/2018 Book - Borrowing